000
00453nam a2200133Ia 4500
008
100122s9999 xx 000 0 und d
082
_b
7248
_a
613.0424
100
_a
कुंटे मोरेश्वर गणेश
245
_a
स्त्री रोग विज्ञान
300
_a
117
630
_a
स्त्री रोग विज्ञान
730
_a
स्त्री रोग विज्ञान
942
_c
BOOK
999
_c
399959
_d
399956